000 01274cam a22003497a 4500
003 CHAP
005 20220329134710.0
008 971013s1973 r 00010 d
010 _a24387
011 _a25359
035 _a29459
040 _cCHAP
090 _aFolleto 10927y
110 _aComité d' Action pour la Liberation de la Sexualité. Paris.
_925857
245 1 0 _aHagamos el amor
260 _a(s.l.) :
_bComité d' Action pour la Liberation de la Sexualité,
_c(1973?)
300 _a27 p.
590 _aBATCH-UPD
_b10
_c20130110
_lUCH01
_h1950
590 _aBATCH-UPD
_b10
_c20130410
_lUCH01
_h1312
590 _aBATCH-UPD
_b10
_c20130914
_lUCH01
_h1252
590 _aCONVERSION
_b10
_c20130109
_lUCH01
_h1314
650 1 4 _aEducación sexual.
_935598
901 _aBK
942 _cFOLL
949 _aFolleto 10927y
_bBC
_cFOLL
_d-68045
_eTS1
_i29459
_si
949 _aFolleto 10927y
_bBC
_cFOLL
_d-68046
_eTS2
_fc.2
_i29459
_si
949 _aFolleto 10927y
_bBC
_cFOLL
_d-68047
_eTS2
_fc.3
_i29459
_si
949 _aFolleto 10927y
_bBC
_cFOLL
_d-68048
_eTS2
_fc.4
_i29459
_si
949 _aFolleto 10927y
_bBC
_cFOLL
_d-68049
_eTS2
_fc.5
_i29459
_si
949 _aFolleto 10927y
_bBC
_cFOLL
_d-68050
_eTS2
_fc.6
_i29459
_si
949 _aFolleto 10927y
_bBC
_cFOLL
_d-68051
_eTS2
_fc.7
_i29459
_si
999 _c24387
_d24387